Seven tall men. (Record no. 3567)

000 -LEADER
fixed length control field 00526nam a2200181 a 4500
001 - CONTROL NUMBER
control field :::00001298$&:&@@
003 - CONTROL NUMBER IDENTIFIER
control field OkBaRHE
005 - DATE AND TIME OF LATEST TRANSACTION
control field 20000607103243.0
008 - FIXED-LENGTH DATA ELEMENTS--GENERAL INFORMATION
fixed length control field s1961 j 000 0 eng u
040 ## - CATALOGING SOURCE
Transcribing agency
100 1# - MAIN ENTRY--PERSONAL NAME
Personal name Lehmberg, Ben F.
245 10 - TITLE STATEMENT
Title Seven tall men.
260 ## - PUBLICATION, DISTRIBUTION, ETC. (IMPRINT)
Place of publication, distribution, etc Grand Rapids, MI., :
Name of publisher, distributor, etc William B. Eerdmans
Date of publication, distribution, etc c1961
300 ## - PHYSICAL DESCRIPTION
Extent 73 p. ;
Dimensions 23 cm.
650 ## - SUBJECT ADDED ENTRY--TOPICAL TERM
Topical term or geographic name as entry element Bible
General subdivision Biography
942 ## - ADDED ENTRY ELEMENTS (KOHA)
Source of classification or shelving scheme
Koha item type Books
Copies
Withdrawn status Date acquired Koha item type Shelving location Damaged status Full call number Price effective from Date last seen Barcode Copy number Lost status Permanent Location Source of classification or shelving scheme Not for loan
 2010-04-14BooksGeneral Stacks BS 571.5 .L42010-04-142010-04-1412981 RHEMA Bible Training College